|
|
|
|
| LEADER |
00884cam a2200241 7i4500 |
| 001 |
0000037169 |
| 005 |
20170218090000.0 |
| 008 |
110317 eng |
| 020 |
|
|
|a 9781412928670 (hbk. ; set)
|
| 090 |
0 |
0 |
|a HM526
|b .I58 2009
|
| 245 |
0 |
0 |
|a Interviewing II
|c edited by Nigel Fielding.
|
| 260 |
|
|
|a Los Angeles:
|b SAGE,
|c 2009.
|
| 300 |
|
|
|a 4 v.;
|c 24 cm.
|
| 490 |
0 |
|
|a Sage benchmarks in social research methods
|
| 504 |
|
|
|a Includes bibligraphical references and index
|
| 650 |
0 |
0 |
|a Interviewing
|
| 650 |
0 |
0 |
|a Interviewing in sociology
|
| 700 |
1 |
|
|a Fielding, Nigel
|
| 997 |
|
|
|a Business & Accountancy, Faculty
|
| 999 |
|
|
|a 0000046463
|b BOK
|c OPEN SHELF
|e 1st Floor, Shah Alam
|
| 999 |
|
|
|a 0000046464
|b BOK
|c OPEN SHELF
|e 1st Floor, Shah Alam
|
| 999 |
|
|
|a 0000046465
|b BOK
|c OPEN SHELF
|e 1st Floor, Shah Alam
|
| 999 |
|
|
|a 0000046466
|b BOK
|c OPEN SHELF
|e 1st Floor, Shah Alam
|